Name Every Country in Asia - No Map - Statistics

General Stats
  • This quiz has been taken 339 times
  • The average score is 38 of 49
Answer Stats
Country % Correct
China
94%
Pakistan
91%
India
90%
Japan
90%
North Korea
88%
South Korea
88%
Afghanistan
87%
Iran
85%
Vietnam
85%
Indonesia
84%
Iraq
84%
Kazakhstan
84%
Mongolia
84%
Yemen
84%
Israel
82%
Thailand
82%
Nepal
81%
Philippines
81%
Russia
81%
Uzbekistan
81%
Azerbaijan
80%
Bangladesh
80%
Cambodia
80%
Oman
80%
Saudi Arabia
80%
Armenia
79%
Malaysia
79%
Turkmenistan
79%
Jordan
78%
Laos
78%
Kyrgyzstan
77%
Myanmar
77%
Turkey
75%
Singapore
74%
Georgia
73%
Qatar
73%
Syria
73%
Taiwan
73%
Tajikistan
73%
Sri Lanka
72%
United Arab Emirates
71%
Bahrain
69%
Brunei
69%
Kuwait
69%
Lebanon
69%
Maldives
63%
Timor-Leste
63%
Cyprus
48%
Bhutah
6%
No matching quizzes found
Score Distribution
Percent of People with Each Score
Percentile by Number Answered
Your Score History
You have not taken this quiz